00426nam a2200145 4500001000700000003000900007007000300016008004100019100001900060245007900079260004300158300002200201700002500223852003200248144292ES-MaACLt|070214s1984 sp r ||||1| spa d1 aSinger, Peter.10aEtica práctica / cPeter Singer ; [traducción de Marta I. Guastavino]. aBarcelona : bAriel, c1984 (fDuplex) a288 p. ; c20 cm.1 aGuastavino, Marta I. aES-MaACLjL-6598 bR.107772